Membrane Proteins (Record no. 981)
[ view plain ]
| 000 -LEADER | |
|---|---|
| fixed length control field | 00358nam a2200133Ia 4500 |
| 082 ## - DEWEY DECIMAL CLASSIFICATION NUMBER | |
| Classification number | QU 55 |
| Author Mark | AZZ |
| 100 ## - MAIN ENTRY--PERSONAL NAME | |
| Author Name | Azzi, A. (ed) |
| 245 #0 - TITLE STATEMENT | |
| Title | Membrane Proteins |
| Statement of responsibility, etc. | Azzi, A. (ed) |
| 260 ## - PUBLICATION, DISTRIBUTION, ETC. | |
| Place of publication, distribution, etc. | Berlin |
| Name of publisher, distributor, etc. | Springer_Verlag |
| Date of publication, distribution, etc. | 1981 |
| 300 ## - PHYSICAL DESCRIPTION | |
| No of Pages | 256 |
| 650 ## - SUBJECT ADDED ENTRY--TOPICAL TERM | |
| Subject | Membranes. Proteins. Biochemistry. |
| 942 ## - ADDED ENTRY ELEMENTS (KOHA) | |
| Koha item type | Books |
| 952 ## - LOCATION AND ITEM INFORMATION (KOHA) | |
| -- | 2018-03-16 |
| Withdrawn status | Lost status | Damaged status | Not for loan | Home library | Current library | Shelving location | Date acquired | Total Checkouts | Full call number | Barcode | Date last seen | Koha item type |
|---|---|---|---|---|---|---|---|---|---|---|---|---|
| Islamabad Medical and Dental College | Islamabad Medical and Dental College | Islamabad Medical and Dental College | 16/03/2018 | QU 55 | 1141 | 27/12/2024 | Books |
